000
00247nam a2200109Ia 4500
008
220204s9999 xx 000 0 und d
082
_a
629.113
_b
COL
100
_a
Collins, A T
245
0
_a
Car care
260
_a
London
_b
Newnes
_c
1964
942
_c
BK
999
_c
20644
_d
20644